000 00210nam a22000857a 4500
008 160701b xxu||||| |||| 00| 0 eng d
100 _91659
_a Gupta, P
245 _aGulliver's Travels
260 _aNew delhi
_bM/S Arya
999 _c1378
_d1378